| 000 | 00457cam a22001811 4500 | ||
|---|---|---|---|
| 001 | 45305 | ||
| 090 | _a45305 | ||
| 100 | _a19930319d1972 c y0pory5003 ba | ||
| 101 | 0 | _apor | |
| 102 | _aPT | ||
| 200 | 1 |
_aO ratinho cinzento _fCondessa de Ségur |
|
| 210 | 9 |
_aLisboa _cEdicões Paulistas, _d1972 |
|
| 215 |
_a79, [1] p. _cil. _d18 cm |
||
| 225 | 2 |
_aContos maravilhosos _v13 |
|
| 675 |
_a087.5 _vmed _zpor |
||
| 700 | 0 |
_aSégur, _f1799-1874 |
|
| 801 | 0 |
_aPT _bBN _gRPC |
|
| 990 | _cMON | ||